| 000 | 00875cam a2200265 a 4500 | ||
|---|---|---|---|
| 008 | |||
| 020 | _a0471853097 (hbk.) | ||
| 049 | _aMAIN | ||
| 090 | _aRB56.A52 ANA | ||
| 245 | 0 | 0 |
_aAnalytical aspects of drug testing / _cedited by Dale G. Deutsch ; with foreword by Irving Sunshine. |
| 260 |
_aNew York : _bJohn Wiley, _c1989 |
||
| 300 |
_axvi, 304 p. : _bill. ; _c24 cm. |
||
| 440 | 0 | _aAnalytical chemistry and its applications. | |
| 500 | _a"A Wiley-Interscience publication." | ||
| 500 | _aIncludes index. | ||
| 504 | _aIncludes bibliographical references. | ||
| 650 | 0 |
_aDrugs - Analysis _xDrug testing. |
|
| 650 | 0 | _aDrug abuse - Prevention. | |
| 700 | 1 | _aDeutsch, Dale G. (ed.) | |
| 907 |
_a.b10055940 _b17-01-07 _c17-04-03 |
||
| 003 | |||
| 005 | 20230120203835.0 | ||
| 040 | _cNUST | ||
| 942 |
_cBOOKS _kRB56.A52 ANA |
||
| 999 |
_c112433 _d112433 |
||